Valtiot joilla on sama kansallislaulu - Statistics

Yleistilastot
  • Tätä visaa on pelattu 30 kertaa
  • Keskiarvotulos 6 / 9
Vastaustilastot
Kansallislaulu Valtio % Oikein
MaammeMu isamaa, mu õnn ja rõõm Suomi
100%
MaammeMu isamaa, mu õnn ja rõõm Viro
100%
God Save the KingOben am jungen Rhein Yhdistynyt Kuningaskunta
88%
Nkosi Sikelel' iAfrika Mungu ibariki Afrika Stand and Sing of ██████, Proud and Free Etelä-Afrikka
71%
Hýmnos is tin Eleftherían Kypros
58%
Hýmnos is tin Eleftherían Kreikka
54%
God Save the KingOben am jungen Rhein Liechtenstein
54%
Nkosi Sikelel' iAfrika Mungu ibariki Afrika Stand and Sing of ██████, Proud and Free Tansania
42%
Nkosi Sikelel' iAfrikaMungu ibariki Afrika Stand and Sing of ██████, Proud and Free Sambia
17%
Ehtoja vastaavia visoja ei löytynyt
Tulosjakauma
Jokaisen tuloksen saaneiden osuus
Persentiili vastausten määrän mukaan
Tuloshistoriasi
Et ole pelannut tätä visaa